| 000 | 00875nas a2200301 4500 | ||
|---|---|---|---|
| 001 | BR2013002674 | ||
| 003 | BR-BrBNA | ||
| 005 | 20231205122143.0 | ||
| 007 | ta | ||
| 008 | 230509b bl.|||p| |||| 00| 00por d | ||
| 040 |
_aBR-BrBNA _bpor _cBiblioteca Nacional de Agricultura |
||
| 041 | _a(Pt) | ||
| 072 | _aF02 | ||
| 100 | 1 | _aSuzuki, R.M. | |
| 100 | 1 | _aAlmeida, V. de | |
| 100 | 1 | _aPescador, R. | |
| 100 | 1 | _aFerreira, W. de M. | |
| 245 | 1 | _aGerminação e crescimento in vitro de Cattleya bicolor Lindley (Orchidaceae) | |
| 650 | _aORQUÍDEA | ||
| 650 | _aSEMENTE | ||
| 650 | _aCULTURA IN VITRO | ||
| 650 | _aGERMINAÇÃO | ||
| 650 | _aCRESCIMENTO | ||
| 650 | _aPROPAGAÇÃO VEGETATIVA | ||
| 773 | 0 |
_tHoehnea (Brazil) _xISSN 0073-2877 _g(Dec 2010), v. 37(4) p. 731-742 _wBR2013002674 |
|
| 909 |
_a202311 _bLúcia _c55 _dLúcia Elande |
||
| 942 |
_2AGRIS _n0 _cANA |
||
| 999 |
_c227183 _d227183 |
||